| 000 | 00449nam a2200157Ia 4500 | ||
|---|---|---|---|
| 008 | 151213s9999 xx 000 0 und d | ||
| 100 | _aPrf:Md.Altaf Hossain ,Adv.Naznin Altaf | ||
| 245 |
_aInternational Law _cPrf:Md.Altaf Hossain ,Adv.Naznin Altaf |
||
| 250 | _a1st | ||
| 260 |
_aDhaka _bJalil Book Center _c2006 |
||
| 300 | _a3234 p. | ||
| 650 | _aLaw | ||
| 650 | _aLaw | ||
| 700 | _aPrf:Md.Altaf Hossain ,Adv.Naznin Altaf | ||
| 999 |
_c2225 _d2225 |
||